Los recursos humanos en el sector de las finanzas públicas de Panamá /
Presenta la implantación de un régimen de carrera administrativa en el sector público panameño. Este artículo esboza de manera sucinta las consideraciones generales mas relevantes en torno al tema precitado y las acciones que hasta el momento se han realizado. REV//jmml
Tallennettuna:
| Päätekijä: | |
|---|---|
| Aineistotyyppi: | Teksti |
| Aiheet: | |
| Tagit: |
Lisää tagi
Ei tageja, Lisää ensimmäinen tagi!
|
MARC
| LEADER | 00000 a a2200000 04500 | ||
|---|---|---|---|
| 001 | 14126 | ||
| 003 | |||
| 040 | |||
| 100 | |a Castroverde B, Luis Carlos | ||
| 245 | |a Los recursos humanos en el sector de las finanzas públicas de Panamá / |c Luis Carlos Castroverde B | ||
| 520 | |a Presenta la implantación de un régimen de carrera administrativa en el sector público panameño. Este artículo esboza de manera sucinta las consideraciones generales mas relevantes en torno al tema precitado y las acciones que hasta el momento se han realizado. REV//jmml | ||
| 650 | |a RECURSOS HUMANOS | ||
| 650 | |a FINANZAS PUBLICAS | ||
| 650 | |a SECTOR PUBLICO | ||
| 650 | |a ESTADO | ||
| 650 | |a DESCENTRALIZACION | ||
| 650 | |a MODERNIZACION | ||
| 650 | |a EMPLEADOS PUBLICOS | ||
| 650 | |a SALARIOS | ||
| 773 | |g número 37; páginas 239-255 | ||
| 999 | |c 39537 |d 39537 | ||
